000 00481pab a2200181 454500
008 180718b2008 xxu||||| |||| 00| 0 eng d
100 _aBattaglini, Marco
245 _aInformation aggregation and strategic abstention in large laboratory elections
260 _c2008
300 _ap.194-200.
362 _aMay
650 _aElections
700 _aPalfrey, Thomas R.
700 _aMorton, Rebecca B.
773 _aAmerican Economic Review
908 _aN
909 _a78948
999 _c78948
_d78948